Halo Wars- All UNSC Units - Statistics

General Stats
  • This quiz has been taken 55 times
  • The average score is 13 of 39
Answer Stats
Name % Correct
Marines
91%
Scorpion
86%
Warthog
74%
Hornet
72%
ODSTs
72%
Spartan
70%
Grizzly
63%
Wolverine
60%
Vulture
58%
Cyclops
53%
Elephant
49%
Snipers
44%
Hawk
40%
Hellbringers
40%
Cobra
37%
Condor
37%
Gremlin
35%
Nightingale
35%
Kodiak
33%
Mantis
33%
Alice-130
30%
Jackrabbit
30%
Sgt. Johnson
28%
Douglas-042
26%
Forge's Warthog
16%
Colossus
14%
Mastodon
14%
Cryo Troopers
12%
Flame Warthog
12%
Frostraven
12%
Jerome-092
12%
Kinsano's Cyclops
9%
Protector Sentinel
9%
Aggressor Sentinel
5%
August-099
5%
Leon-011
5%
Theseus
5%
Tundra Bison
5%
Robert-025
2%
No matching quizzes found
Score Distribution
Percent of People with Each Score
Percentile by Number Answered
Your Score History
You have not taken this quiz